000 00311nam a22001337a 4500
008 170418b xxu||||| |||| 00| 0 eng d
020 _a9780130139337
041 _aeng
080 _a573
100 _a11
101 _aSHM
245 _aHUMAN BIOLOGY AND MEDICAL TERMINOLOGY
_cWISTREICH, G.A
942 _2udc
_cBK
999 _c11051
_d11051